LEADER 01211nas 22004331a 450 001 996320962403316 005 20240413021212.0 011 $a1727-5644 035 $a(OCoLC)55134611 035 $a(CKB)954928551333 035 $a(CONSER) 2004236561 035 $a(MiAaPQ)2046290 035 $a(DE-599)ZDB2122400-6 035 $a(EXLCZ)99954928551333 100 $a20040513a19809999 uy a 101 0 $aeng 135 $aurunu||||| 181 $ctxt$2rdacontent 182 $cc$2rdamedia 183 $acr$2rdacarrier 200 00$aAnnals of glaciology 210 $a[Cambridge, Cambridgeshire] $cInternational Glaciological Society 300 $aRefereed/Peer-reviewed 311 $a0260-3055 320 $aIncludes bibliographical references. 606 $aGlaciology$vCongresses 606 $aGlaciers$vCongresses 606 $aGlaceres$2thub 608 $aCongressos.$2thub 608 $aRevistes electròniques.$2thub 615 0$aGlaciology 615 0$aGlaciers 615 7$aGlaceres. 676 $a551.3105 712 02$aInternational Glaciological Society. 906 $aJOURNAL 912 $a996320962403316 996 $aAnnals of glaciology$91894850 997 $aUNISA LEADER 02204nam 22005653 450 001 9911026175903321 005 20240304120436.0 010 $a9781501771910 010 $a1501771914 024 7 $a10.1515/9781501771910 035 $a(CKB)30381515000041 035 $a(MiAaPQ)EBC7276109 035 $a(Au-PeEL)EBL7276109 035 $a(DE-B1597)666218 035 $a(DE-B1597)9781501771910 035 $a(OCoLC)1372637484 035 $a(EXLCZ)9930381515000041 100 $a20240304d2024 uy 0 101 0 $aeng 135 $aur||||||||||| 181 $ctxt$2rdacontent 182 $cc$2rdamedia 183 $acr$2rdacarrier 200 10$aEducating Children Outdoors $eLessons in Nature-Based Learning 205 $a1st ed. 210 1$aIthaca :$cCornell University Press,$d2024. 210 4$d©2024. 215 $a1 online resource (262 pages) 311 08$a9781501772047 311 08$a150177204X 327 $tFrontmatter -- $tContents -- $tForeword -- $tIntroduction: Teach Who You Are -- $tChapter 1Nature-Based Routines for Outdoor Learning -- $tChapter 2 Awareness and Safety as a Daily Practice -- $tUnit 1. Welcome to the Outdoors, Welcome to Nature -- $tUnit 2. Build It and They Will Come: The Power of Sticks -- $tUnit 3. Teaching with Fire: The Heart of an Outdoor Classroom -- $tUnit 4. Winter Weather, Animals, and Us: Learning Outdoors with Resilience and Wonder -- $tUnit 5. What Does Spring Bring? -- $tAfterword -- $tReferences -- $tContributors 330 $aNo detailed description available for "Educating Children Outdoors". 606 $aNature study 606 $aOutdoor education 606 $aPlace-based education 606 $aEDUCATION / Teaching / Methods & Strategies$2bisacsh 615 0$aNature study. 615 0$aOutdoor education. 615 0$aPlace-based education. 615 7$aEDUCATION / Teaching / Methods & Strategies. 676 $a371.3/84 700 $aButler$b Amy$01848323 701 $aCharles$b Cheryl$01848324 801 0$bMiAaPQ 801 1$bMiAaPQ 801 2$bMiAaPQ 906 $aBOOK 912 $a9911026175903321 996 $aEducating Children Outdoors$94434793 997 $aUNINA